000 00664nam a22002177a 4500
005 20170919145832.0
010 _aENG-120806
020 _c280.00
_a9788181803733
020 _c280.00
_a8181803736
035 _aEN-104338
037 _bDBAD/PUB
082 _a581.07
100 _aRao Verma,Y.Narasing
245 _aB.Sc. first year semester I and II Botany/
_cby Y. Narasing Rao Verma.. [et. al] edited by C.Manoharachary
260 _aHyderabad
_bTelgu Akademi
_c2016
270 _aHimayat Nagar
_bHyderabad
_e500029
300 _a728. :
_c28cm(pbk)
_bill.
500 _a
700 _aManoharachary,C.
942 _2ddc
_cEN
_h581.07
_mFIR
999 _c144977
_d144977